Guess the 5sos song! - Statistics

General Stats
  • This quiz has been taken 111 times
  • The average score is 4 of 9
Answer Stats
Hint Answer % Correct
We are the king and the queens of the new broken scene She's kinda hot
86%
She's got a rose tattoo but she keeps it covered Try hard
67%
Back in high school we used to make up plans Out of my limit
60%
Wait don't tell me heaven is a place on earth Everything I didn't say
52%
I think she wants to get with me But, she's got a job in the city Eighteen
41%
Never a night alone anywhere you want to go Old me
37%
All I think about is where I went wrong Want you back
31%
And now i'm shaking, wearing thin.I always wondered where you've been Story of another us
19%
What we had,and so I walk alone Wherever you are
15%
No matching quizzes found
Score Distribution
Percent of People with Each Score
Percentile by Number Answered
Your Score History
You have not taken this quiz